000 00375nam a22001577a 4500
003 SGT
020 _a978-81-8445-058-3
082 _a610.734
_bC09P
100 _aPRABHAKARA, G.N.
245 _aTB. OF COMMUNITY HEALTH NURSING FOR NURSES
250 _a2ND
260 _aINDIA
_bPEEPEE PUB
_c2009
300 _a530
650 _aCOMMUNITY HEALTH NURSING
942 _2ddc
_cBK
999 _c20123
_d20123